000 05053nab a2200325 i 4500
003 BR-BrBNA
005 20240126092918.0
008 240126b2018 bl.qr|pooa||| 00| 0 por |
040 _aBR-BrBNA
_bpor
072 _aP34
_b3240
100 _aWeirich, Sidinei Wolnei
100 _aSilva, Rodrigo Ferreira da
100 _aPerrando, Edison Rogerio
100 _aRos, Clovis Orlando Da
100 _aDellai, Alex
100 _aScheid, Douglas Leandro
100 _aTrombeta, Helena Wichineski
245 _aInfluência de ectomicorrizas no crescimento de mudas de Eucalyptus grandis, Corymbia citriodora, Eucalyptus saligna e Eucalyptus dunnii
500 _aPublicação on-line; Bibliography p. 773-775 (57 ref.); 2 tables; 1 illus.; Summaries (En, Pt)
520 _a RESUMO A associação ectomicorrízica beneficia as plantas ao proporcionar aumento na área de absorção radicular obtendo mais nutrientes e água, podendo possibilitar o crescimento do hospedeiro em solos submetido a condições adversas. O objetivo deste trabalho foi avaliar o efeito de diferentes isolados ectomicorrízicos no crescimento das mudas de Eucalyptus grandis W. Hill ex Maid., Corymbia citriodora (Hook.) K.D. Hill & L.A.S. Johnson, Eucalyptus saligna Sm. e Eucalyptus dunnii Maiden. O delineamento foi inteiramente casualizado em arranjo fatorial (4 x 4), sendo quatro espécies de eucalipto (Eucalyptus grandis, Corymbia citriodora, Eucalyptus saligna e Eucalyptus dunnii) e quatro inóculos ectomicorrízicos (UFSC-Pt116 (Pisolithus microcarpus (Cooke & Massee) Cunn), UFSC-132 (Pisolithus tinctorius (Pers.) Coker & Couch), UFSC-121, e sem inoculação), com 12 repetições. Após noventa dias de condução do experimento foram avaliados: percentual de colonização ectomicorrízica, altura de planta; diâmetro do colo; número de folhas; massa seca da parte aérea e radicular. Também foram calculadas as relações: massa seca aérea/massa seca radicular, altura/diâmetro do colo e o índice de qualidade de Dickson. A altura de planta, número de folhas e a massa seca aérea apresentaram médias superiores nas espécies Eucalyptus dunnii e Corymbia citriodora, quando na inoculação com UFSC-132. A inoculação com UFSC-Pt116 resultou em 63,3% de raízes colonizadas em Corymbia citriodora, enquanto Eucalyptus dunnii inoculado com UFSC-121 teve 67,7% de suas raízes colonizadas. O isolado UFSC-132 proporciona maior crescimento de mudas de Eucalyptus dunnii e Corymbia citriodora em relação à testemunha sem inoculação. Palavras-chave: eucalipto; micorrizas; produção de mudas; simbiose.
520 _a ABSTRACT The ectomycorrhizal association benefit plants by providing an increase in the area of root absorption and getting more nutrients and water as well as may enable growth of the host soils subjected to adverse conditions. The objective of this study was to evaluate the effect of different ectomycorrhizal isolates on seedling growth of Eucalyptus grandis W. Hill ex Maid., Corymbia citriodora (Hook.) K. D. Hill & L.A.S. Johnson, Eucalyptussaligna Sm. and Eucalyptus dunnii Maiden. The design was completely randomized in a factorial arrangement (4 x 4), four species of Eucalyptus (Eucalyptus grandis, Corymbia citriodora, Eucalyptus saligna and Eucalyptus dunnii) and four ectomycorrhizal inoculum (UFSC - Pt116 (Pisolithus microcarpus (Cooke & Massee) Cunn), UFSC -132 (Pisolithus tinctorius (Pers.) Coker & Couch), UFSC -121, and without inoculation) with 12 repetitions. After ninety days of conducting the experiment were evaluated: the percentage of ectomycorrhizal colonization, plant height, stem diameter, number of leaves, dry weight of root and shoot. Relationships were also calculated: dry aerial/root dry mass, height/diameter and Dickson quality index. The plant height, leaf number and shoot dry mass showed higher average in the species Eucalyptus dunnii and Corymbia citriodora, when the inoculation with UFSC -132. Inoculation with UFSC-Pt116 resulted in 63,3 % of colonized roots in Corymbia citriodora, while Eucalyptus dunnii inoculated with UFSC-121 had 67,7 % of its colonized roots. The isolated UFSC-132 provides enhanced growth of seedlings of Eucalyptus dunnii and Corymbia citriodora compared to the control without inoculation. Keywords:Eucalyptus; mycorrhizae; seedling production; symbiosis.
650 _aEUCALIPTO
650 _aMICORRIZA
650 _aMUDA
650 _aSIMBIOSE
773 0 _04065
_9198128
_dSanta Maria-RS Universidade Federal de Santa Maria - Centro de Pesquisas Florestais.Departamento de Ciências Florestais. Programa de Pós-Graduação em Engenharia Florestal 1991
_o2023-437009
_tCiência Florestal (Brazil)
_x0103-9954; 1980-5098 (on-line)
_gv. 28(2) p. 765-775; (Apr-Jun 2018)
_wBR2023001485
856 _uhttps://periodicos.ufsm.br/cienciaflorestal/article/view/32129/pdf
942 _cAnalítica
999 _c298363
_d298363